Famous Fathers and Daughters Quiz Stats

 Plays Quiz Updated Jun 18, 2015

Also try: Who's Your Daddy
Challenge
Share
Tweet
Score 0/16 Timer 05:00
6 Plays Today
% Correct
Bill
96.2%
Elvis
95.6%
Donald
94.8%
Barack
94.5%
Kanye
93.6%
Tom
93.2%
Steven
92.9%
Lionel
92.1%
% Correct
Henry
92%
Paul
88.5%
Aaron
87.3%
Francis
82.4%
Lenny
80.3%
Quincy
79.9%
Ron
73.2%
Russ
62%

You're not logged in!

Compare scores with friends on all Sporcle quizzes.
Join for Free
OR
Log In

You Might Also Like...

Show Comments

Extras

Top Quizzes Today


Score Distribution

Your Account Isn't Verified!

In order to create a playlist on Sporcle, you need to verify the email address you used during registration. Go to your Sporcle Settings to finish the process.

Report this User

Report this user for behavior that violates our Community Guidelines.

Details: